000 00470nam a2200181Ia 4500
001 7611
005 20260306160508.0
008 260306t2019||||xx |||||||||||||| ||spa||
041 _aESP
082 _a352.2
_bO73
100 _aOrtegón Quiñones, Edgar
_eAUT
245 0 _aPolíticas públicas:
_bmétodos conceptuales y métodos de evaluación
260 _c2019
300 _a385 páginas :
_c24 cm.
650 _aGEN
654 _aCAN
942 _cLIB
_dJUS
_fJUS
_2ddc
_n
999 _c7611
_d7611